<?xml version="1.0" encoding="UTF-8"?><?xml-stylesheet type="text/xsl" href="static/style.xsl"?><OAI-PMH xmlns="http://www.openarchives.org/OAI/2.0/" xmlns:xsi="http://www.w3.org/2001/XMLSchema-instance" xsi:schemaLocation="http://www.openarchives.org/OAI/2.0/ http://www.openarchives.org/OAI/2.0/OAI-PMH.xsd"><responseDate>2026-06-02T07:25:01Z</responseDate><request verb="GetRecord" identifier="oai:riuma.uma.es:10630/44770" metadataPrefix="marc">https://riuma.uma.es/rest/oai/request</request><GetRecord><record><header><identifier>oai:riuma.uma.es:10630/44770</identifier><datestamp>2026-01-24T00:45:43Z</datestamp><setSpec>com_10630_2254</setSpec><setSpec>col_10630_37953</setSpec></header><metadata><record xmlns="http://www.loc.gov/MARC21/slim" xmlns:dcterms="http://purl.org/dc/terms/" xmlns:doc="http://www.lyncode.com/xoai" xmlns:xsi="http://www.w3.org/2001/XMLSchema-instance" xsi:schemaLocation="http://www.loc.gov/MARC21/slim http://www.loc.gov/standards/marcxml/schema/MARC21slim.xsd">
   <leader>00925njm 22002777a 4500</leader>
   <datafield ind2=" " ind1=" " tag="042">
      <subfield code="a">dc</subfield>
   </datafield>
   <datafield ind2=" " ind1=" " tag="720">
      <subfield code="a">Pérez-Nevot, Beatriz</subfield>
      <subfield code="e">author</subfield>
   </datafield>
   <datafield ind2=" " ind1=" " tag="720">
      <subfield code="a">Royo-Sánchez-Palencia, José Luis</subfield>
      <subfield code="e">author</subfield>
   </datafield>
   <datafield ind2=" " ind1=" " tag="720">
      <subfield code="a">Cortés, Miriam</subfield>
      <subfield code="e">author</subfield>
   </datafield>
   <datafield ind2=" " ind1=" " tag="720">
      <subfield code="a">Lenzínez, Ana M</subfield>
      <subfield code="e">author</subfield>
   </datafield>
   <datafield ind2=" " ind1=" " tag="720">
      <subfield code="a">Reyes Palomares, Arturo</subfield>
      <subfield code="e">author</subfield>
   </datafield>
   <datafield ind2=" " ind1=" " tag="720">
      <subfield code="a">Jiménez, Ana José</subfield>
      <subfield code="e">author</subfield>
   </datafield>
   <datafield ind2=" " ind1=" " tag="720">
      <subfield code="a">Ruiz-Galdón, Maximiliano</subfield>
      <subfield code="e">author</subfield>
   </datafield>
   <datafield ind2=" " ind1=" " tag="720">
      <subfield code="a">Reyes-Engel, Armando</subfield>
      <subfield code="e">author</subfield>
   </datafield>
   <datafield ind2=" " ind1=" " tag="260">
      <subfield code="c">2017-06</subfield>
   </datafield>
   <datafield ind2=" " ind1=" " tag="520">
      <subfield code="a">The present study was undertaken to determine the role of different polymorphisms affecting the testosterone/oestrogen pathway in miscarriage. Alpha 5-reductase (SRD5A2) rs523349 and rs9282858, cytochrome P450 aromatase (CYP19A1) rs4646, rs10046 and rs2236722 and oestrogen receptor (ESR1) rs9340799, rs2234693 and rs6932902 polymorphisms were selected. The case group consisted of 94 samples of formalin-fixed and paraffin-embedded fetal tissue from a miscarriage at ≤24 weeks. The control group comprised a population of 331 young healthy subjects. Only those single nucleotide polymorphisms (SNPs) fitting the Hardy–Weinberg equilibrium (n = 4) and euploid miscarriage samples (n = 67) were included for downstream analysis. Interestingly, SRD5A2 rs523349 (Val89Leu) was significantly associated with the risk of undergoing miscarriage after Bonferroni correction (odds ratio = 11.245, P &lt; 2.2 × 10–9). Moreover, when Mantel–Cox regression analysis was performed, we observed that the effect was significantly constrained to the second trimester (P = 0.024, log rank). These results are compatible with an imbalance of testosterone/dihydrotestosterone, associated with a higher risk of miscarriage, especially in late pregnancy.</subfield>
   </datafield>
   <datafield ind1="8" ind2=" " tag="024">
      <subfield code="a">Beatriz Pérez-Nevot, Jose-Luis Royo, Miriam Cortés, Ana M. Lendínez, Arturo Reyes-Palomares, Ana-José Jiménez, Maximiliano Ruiz-Galdón, Armando Reyes-Engel, Fetal alpha 5-reductase Val89Leu mutation is associated with late miscarriage, Reproductive BioMedicine Online, Volume 34, Issue 6, 2017, Pages 653-658, ISSN 1472-6483, https://doi.org/10.1016/j.rbmo.2017.03.011. (https://www.sciencedirect.com/science/article/pii/S1472648317301438)</subfield>
   </datafield>
   <datafield ind1="8" ind2=" " tag="024">
      <subfield code="a">https://hdl.handle.net/10630/44770</subfield>
   </datafield>
   <datafield ind1="8" ind2=" " tag="024">
      <subfield code="a">10.1016/j.rbmo.2017.03.011</subfield>
   </datafield>
   <datafield tag="653" ind2=" " ind1=" ">
      <subfield code="a">Aborto espontáneo - Causas</subfield>
   </datafield>
   <datafield ind2="0" ind1="0" tag="245">
      <subfield code="a">Fetal alpha 5-reductase Val89Leu mutation is associated with late miscarriage</subfield>
   </datafield>
</record>
</metadata></record></GetRecord></OAI-PMH>